| 000 | 01004nam a2200265 i 4500 | ||
|---|---|---|---|
| 001 | 13887 | ||
| 003 | ES-MaACL | ||
| 005 | 20250821153214.0 | ||
| 007 | t| | ||
| 008 | 980720s1997 sp ||||l| spa d | ||
| 020 | _a84-88639-99-6 | ||
| 080 | _a1 Vives, Juan Luis:32 | ||
| 080 | _a32:1 Vives, Juan Luis | ||
| 100 | 1 |
_aAbellán, José Luis, _d1933-2023 _9176509 |
|
| 245 | 1 | 3 |
_aEl pacifismo de Juan Luis Vives / _cJosé Luis Abellán. |
| 260 |
_aValencia : _bAjuntament de Valencia, _c1997. |
||
| 300 |
_a163 p. ; _c22 cm. |
||
| 490 | 1 |
_aColección J.L. Vives ; _v8B |
|
| 500 | _aAcompaña a: De concordia et discordia in humano genere.../ Juan Luis Vives. Valencia : Ajuntament, 1997 (Colección J.L. Vives, 8A). Signatura en Biblioteca del Ateneo: L-21066. | ||
| 600 | 1 | 4 |
_aVives, Juan Luis, _d1492-1540- _xPensamiento político _9115578 |
| 710 | 1 |
_aValencia. _bAyuntamiento. _97531 |
|
| 830 | 0 |
_aColección J.L. Vives ; _v8B _9179554 |
|
| 852 |
_aES-MaACL _jL-21067 |
||
| 999 |
_c13887 _d13887 |
||